01013nam a2200253 a 450000100100000000500170001000800410002702000150006804000250008308200160010811000700012424501360019426000510033030000260038150000330040750000330044050000340047370000360050770000300054370000400057304900090061395201200062299900170074200002200220200930011534.0100915s1985 enk r 000 0 spa d a0906747171 aDO-SdBNPbspacBNPHU axxxxbM489h1 aThe Medical Committee of the Conference for Worlds Mission94560610aHeralds of health :bthe saga of Cristian medical initiatives /cEdición Stanley G. Browne , Frank Davey , William A. R. Thomson. aLondres :bCristian Medical Fellowship,c1985. axii, 382 p. ;c22 cm. aIncluye índice de nombres. aIncluye índice de lugares. aIncluye índice de materias.1 aBrowne, Stanley G.,eed.9456071 aDavey, Frank,eed.9456081 aThomson, William A. R.,eed.945609 aBNGR 001054708MOaGRbGRcCTd2010-09-15iLF1l0oxxxx M489hp22002-10r2020-06-25w2020-06-25y4ZPréstamo en sala c21500d21500